000 00354nam a2200157Ia 4500
008 221030s9999 xx 000 0 und d
020 _a8188458066
041 _aEnglish
100 _aK. M. Soni
245 0 _aCircuits & Systems
_cby K. M. Soni
250 _a9th
260 _bKatson
_aNew Delhi
_c2014
300 _a762
650 _aEE
942 _cBK
999 _c17183
_d17183